书目信息 |
| 题名: |
学生行为管理——教师应用指南
|
|
| 作者: | 泽波利 著 ;关丹丹 译 | |
| 分册: | ||
| 出版信息: | 北京 中国轻工业出版社 2004 |
|
| 页数: | 354页 | |
| 开本: | 24cm | |
| 丛书名: | 学校心理系列 | |
| 单 册: | ||
| 中图分类: | G455 | |
| 科图分类: | ||
| 主题词: | 学生--行为科学 | |
| 电子资源: | ||
| ISBN: | 7-5019-4487-3 | |
| 000 | 01076oam2 2200289 450 | |
| 001 | 1561873843 | |
| 005 | 20150118171133.14 | |
| 010 | @a7-5019-4487-3@dCNY40.00 | |
| 100 | @a20041025d2004 em y0chiy50 ea | |
| 101 | 1 | @achi@ceng |
| 102 | @aCN@b110000 | |
| 105 | @aa z 000yy | |
| 200 | 1 | @a学生行为管理——教师应用指南@9xue sheng xing wei guan li — — jiao shi ying yong zhi nan@f(美)Thomas J.Zirpoli著@g关丹丹等译 |
| 210 | @a北京@c中国轻工业出版社@d2004 | |
| 215 | @a354页@c照片@d24cm | |
| 225 | 2 | @a学校心理系列 |
| 300 | @a万千心理 | |
| 305 | @a原书第4版译出 | |
| 330 | @a本书分为四个部分,内容涉及行为的理解和评估,还介绍了促进行为改善的方法,又针对学校中常出现的行为问题进行了分类描述,最后涉及到对一些特殊年龄阶段群体的行为管理问题。 | |
| 461 | 0 | @12001 @a学校心理系列 |
| 510 | 1 | @aBehavior Management Applications for Teachers@zeng |
| 606 | 0 | @a学生@x行为科学 |
| 690 | @aG455@v5 | |
| 701 | 0 | @c(美)@a泽波利@9ze bo li@c(Zirpoli, Thomas J.)@4著 |
| 702 | 0 | @a关丹丹@9guan dan dan deng@4译 |
| 801 | 0 | @aCN@bTSSF@c20150118 |
| 905 | @aZUCC@dG455@eJY1 | |
| 学生行为管理——教师应用指南/(美)Thomas J.Zirpoli著/关丹丹等译.-北京:中国轻工业出版社,2004 |
| 354页:照片;24cm.-(学校心理系列) |
| 万千心理 |
| ISBN 7-5019-4487-3:CNY40.00 |
| 本书分为四个部分,内容涉及行为的理解和评估,还介绍了促进行为改善的方法,又针对学校中常出现的行为问题进行了分类描述,最后涉及到对一些特殊年龄阶段群体的行为管理问题。 |
| ● |
| 相关链接 |
|
|
|
|
正题名:学生行为管理——教师应用指南
索取号:G455/JY1
 
预约/预借
| 序号 | 登录号 | 条形码 | 馆藏地/架位号 | 状态 | 备注 |
| 1 | 7848591 | 278485916 | 学院路分馆/ [索取号:G455/JY1] | 在馆 |